| 000 | 00503cam a22001691 4500 | ||
|---|---|---|---|
| 001 | c 98000382 | ||
| 003 | DLC | ||
| 005 | 20260227111041.0 | ||
| 008 | 801216s1898 nyu 000 0 eng | ||
| 010 | _ac 98000382 //r92 | ||
| 040 |
_aDLC _cDLC _dDLC |
||
| 100 | 1 |
_aRiley, James Whitcomb, _d1849-1916. |
|
| 245 | 0 | 4 |
_a[The works of James Whitcomb Riley. _bv. 9] |
| 260 | 0 |
_aNew York, _bC. Scribner's Sons, _c1898. |
|
| 300 | _a12⁰. cop. | ||
| 505 | 1 | _a --v. 9. The poems and prose sketches...Armazindy. | |
| 999 |
_c13300 _d13300 |
||